Intercambio de obsequios y contraobsequios: construcción de la legitimidad en las relaciones Estado-Iglesia Católica en Costa Rica, 2007-2010 /
Gardado en:
| Autor Principal: | |
|---|---|
| Formato: | Texto |
| Idioma: | Spanish |
| Materias: | |
| Etiquetas: |
Engadir etiqueta
Sen Etiquetas, Sexa o primeiro en etiquetar este rexistro!
|
MARC
| LEADER | 00000 a a2200000 04500 | ||
|---|---|---|---|
| 001 | 48611 | ||
| 003 | cru CIDCACS/IIS | ||
| 005 | 20210615130446.0 | ||
| 008 | 210615b |||||||| |||| 00| 0 spa d | ||
| 040 | |c cru CIDCACS/IIS | ||
| 100 | 1 | |a Maroto Vargas, Adriana | |
| 245 | 1 | |a Intercambio de obsequios y contraobsequios: |b construcción de la legitimidad en las relaciones Estado-Iglesia Católica en Costa Rica, 2007-2010 / |c Adriana Maroto Vargas | |
| 500 | |a Colección Centroamérica | ||
| 650 | 4 | |9 3179 |a IGLESIA CATOLICA | |
| 650 | 0 | |9 243 |a ESTADO | |
| 650 | 0 | |9 1630 |a RELACION DE INTERCAMBIO | |
| 651 | 0 | |9 32 |a COSTA RICA | |
| 773 | |g volumen40, (2014), páginas 289-310 | ||
| 773 | 0 | |0 18765 |9 5758 |a Universidad de Costa Rica. |d San José, Costa Rica: Editorial Universidad de Costa Rica, 1974- |o 17406 |t Anuario de Estudios Centroamericanos / |x 03777316 | |
| 942 | |2 ddc |c PP | ||
| 999 | |c 20726 |d 20726 | ||
